Giáo trình vật liệu cơ khí Dùng cho các lớp bậc TCCN và đào tạo công nhân cơ khí và luyện kim
Sparad:
| Huvudupphovsman: | |
|---|---|
| Materialtyp: | Bok |
| Språk: | Vietnamese |
| Publicerad: |
Hà Nội
Trường Cao Đẳng KT - CN
2008
|
| Ämnen: | |
| Taggar: |
Lägg till en tagg
Inga taggar, Lägg till första taggen!
|
| Thư viện lưu trữ: | Trung tâm Học liệu Lê Vũ Hùng, Trường Đại học Đồng Tháp |
|---|
| LEADER | 00796pam a22002178a 4500 | ||
|---|---|---|---|
| 001 | 00043465 | ||
| 005 | 20200703160706.0 | ||
| 008 | 130409s2011 ||||||viesd | ||
| 041 | 0 | # | |a vie |
| 082 | 1 | # | |a 620.100 71 |b GI108TR |
| 100 | 1 | # | |a Hoàng, Trọng Bá |
| 245 | 0 | 0 | |a Giáo trình vật liệu cơ khí |b Dùng cho các lớp bậc TCCN và đào tạo công nhân cơ khí và luyện kim |c Hoàng Trọng Bá |
| 260 | # | # | |a Hà Nội |b Trường Cao Đẳng KT - CN |c 2008 |
| 300 | # | # | |a 107 tr. |c 18 cm. |
| 653 | # | # | |a Giáo trình |
| 653 | # | # | |a Luyện kim |
| 653 | # | # | |a Vật liệu cơ khí |
| 653 | # | # | |a kim loại |
| 852 | # | # | |j KD.0025169 |
| 910 | # | # | |d 3/1/2019 |
| 980 | # | # | |a Trung tâm Học liệu Lê Vũ Hùng, Trường Đại học Đồng Tháp |